00504nam a2200169 i 450000100060000000300090000600500170001500700030003200800410003510000210007624500960009726000450019330000220023870000300026074000230029085200210031326124ES-MaACL20230906153406.0t|030107s1883 sp ||||1| spa d1 aArnould, Arthur.10aZoe / cnovela escrita por Arthur Arnould ; Traducción al español por E. Pastor Bedoya. aMadrid : b[s.n., c1883] (fEl Liberal) a359 p. ; c18 cm.0 aPastor y Bedoya, Enrique.0 aChercher la femme. aES-MaACLjG-9723